Tumbas sin sosiego: revolución, disidencia y exilio del intelectual cubano

محفوظ في:
التفاصيل البيبلوغرافية
المؤلف الرئيسي: Rojas, Rafael (مؤلف)
التنسيق: كتاب
اللغة:الإسبانية
منشور في: Barcelona Anagrama 2006
الطبعة:2a. ed
سلاسل:Colección Argumentos, 345
الموضوعات:
الوسوم: إضافة وسم
لا توجد وسوم, كن أول من يضع وسما على هذه التسجيلة!

MARC

LEADER 00000nam a2200000 a 4500
001 UCJ2178
003 CL-VaPUC
008 061201e20060000SP |||||||||||||||||spa|d
020 |a 843396240X 
082 0 4 |a 303.4  |b ROJ  |2 21 
100 0 |a Rojas, Rafael  |e author  |9 503092 
245 1 0 |a Tumbas sin sosiego: revolución, disidencia y exilio del intelectual cubano 
250 |a 2a. ed 
300 |a 505 p 
942 |c BK 
945 |d 20061201 00:00:00  |a cmena 
260 |a Barcelona  |b Anagrama  |c 2006 
650 0 |a Sociología   |9 255410 
650 0 |a Desarrollo cultural y social   |9 432209 
650 0 |a Intelectuales  |9 262027 
650 7 |a REVOLUCION SOCIAL  |2 CL-VaPUC  |9 368853 
651 7 |a CUBA  |2 CL-VaPUC  |9 255263 
583 |a last modification  |c 20061201 00:00:00  |k Rodrigo Vera 
490 0 |a Colección Argumentos, 345 
999 |c 318528  |d 318526 
952 |0 0  |1 0  |4 0  |6 303_400000000000000_ROJ_2006  |7 0  |8 A  |9 396364  |a FDOPOS  |b FDOPOS  |d 2019-11-22  |i 4303350  |o 303.4 ROJ 2006  |p 4303350  |r 2025-01-22  |w 2019-11-22  |y BK  |k MLH